Rus Africum IV : la fattoria Bizantina di Aïn Wassel, Africa Proconsularis (Alto Tell, Tunisia) : lo scavo stratigrafico e i materiali /

Aïn Wassel is the only rural site of Africa Proconsularis which has been excavated using the stratigraphic method and the detailed results are published in this volume thanks to an archaeological field survey of the surrounding rural region.

محفوظ في:

مؤلفون آخرون: De Vos, Mariette (المحرر), Maurina, Barbara (المحرر)

التنسيق: كتاب الكتروني

اللغة: Italian

منشور في: Summertown : Archaeopress Publishing Ltd., 2019.

سلاسل: Archaeopress Roman archaeology ; 58.

الموضوعات:

الوصول للمادة أونلاين: Login to view Source

الوسوم: إضافة وسم

لا توجد وسوم, كن أول من يضع وسما على هذه التسجيلة!

رقم الطلب: DT170

LEADER 02002nam a2200421 i 4500
001 EDZ0002020229
003 StDuBDS
005 20230412182431.0
006 m|||||o||d||||||||
007 cr |||||||||||
008 190228s2019 enka fob 000|0|ita|d
020 |a 9781789691160 (ebook) :  |c No price 
040 |a StDuBDS  |b eng  |c StDuBDS  |e rda  |e pn 
050 4 |a DT170 
082 0 4 |a 939.7  |2 23 
245 0 0 |a Rus Africum IV :  |b la fattoria Bizantina di Aïn Wassel, Africa Proconsularis (Alto Tell, Tunisia) : lo scavo stratigrafico e i materiali /  |c a cura di Mariette de Vos Raaijmakers e Barbara Maurina. 
264 1 |a Summertown :  |b Archaeopress Publishing Ltd.,  |c 2019. 
300 |a 1 online resource (xiv, 438 pages) :  |b illustrations (black and white, and colour). 
336 |a text  |2 rdacontent 
336 |a still image  |2 rdacontent 
337 |a computer  |2 rdamedia 
338 |a online resource  |2 rdacarrier 
490 1 |a Archaeopress Roman archaeology ;  |v 58 
504 |a Includes bibliographical references. 
520 8 |a Aïn Wassel is the only rural site of Africa Proconsularis which has been excavated using the stratigraphic method and the detailed results are published in this volume thanks to an archaeological field survey of the surrounding rural region. 
521 |a Specialized. 
588 |a Description based on online resource; title from PDF title page (viewed on 19 August, 2019). 
651 0 |a Africa, North  |x Antiquities, Roman. 
651 0 |a Africa, North  |x History  |y To 647. 
650 0 |a Excavations (Archaeology)  |z Africa, North. 
700 1 |a De Vos, Mariette,  |e editor. 
700 1 |a Maurina, Barbara,  |e editor. 
776 0 8 |i Print version :  |z 9781789691153 
830 0 |a Archaeopress Roman archaeology ;  |v 58. 
856 4 0 |3 Archaeopress  |u http://library.arce.org:8087/Archaeopress/Products/9781789691153 
942 |2 lcc  |c EBOOK 
952 |0 0  |1 0  |4 0  |6 DT0170  |7 1  |9 46507  |a ARCH  |b ARCH  |d 2023-04-12  |l 0  |o DT170  |r 2023-04-12 00:00:00  |w 2023-04-12  |y EBOOK 
999 |c 52165  |d 52165